Duden : Redewendungen und sprichwörtliche Redensarten ; Wörterbuch der deutschen Idiomatik

Saved in:
Bibliographic Details
Other Authors: Scholze-Stubenrecht, Werner (Editor), Drosdowski, Günther (Editor)
Format: Book
Language:German
Published: Mannheim : Dudenverlag, c1992.
Series:Duden in 12 Bänden ; 11
Subjects:
Tags: Add Tag
No Tags, Be the first to tag this record!

MARC

LEADER 00000nam a2200000 a 4500
001 1/125490
008 221017s1992####gw | ||| |||| ||ger||
020 |a 3411041110 
020 |a 9783411041114 
040 |a GR-MyUa  |b gre  |c GR-MyUa  |e AACR2 
041 0 |a ger 
082 7 |a 433   |2 (23) 
245 0 0 |a Duden :   |b Redewendungen und sprichwörtliche Redensarten ; Wörterbuch der deutschen Idiomatik /   |c επιμέλεια: Günther Drosdowski und Werner Scholze-Stubenrecht. 
260 |a Mannheim :   |b Dudenverlag,   |c c1992. 
300 |a 864 σ. ;   |c 20 εκ.  
490 1 |a (Duden in 12 Bänden ;   |v 11) 
504 |a Περιλαμβάνει βιβλιογραφικές παραπομπές και ευρετήρια. 
650 0 |a German language  |x Dictionaries. 
650 0 |a German language  |x Idioms  |x Dictionaries. 
700 1 |a Scholze-Stubenrecht, Werner,  |e edt 
700 1 |a Drosdowski, Günther,  |e edt 
830 0 |a Duden in 12 Bänden  |v  ; 11 
852 |a INST  |b RHODES  |e 20221017  |h 433 DUD  |p 005400043116  |q 005400043116  |t REF  |y 23 
970 |z 17-10-2022